<?xml version="1.0" encoding="UTF-8"?>
<record
    xmlns:xsi="http://www.w3.org/2001/XMLSchema-instance"
    xsi:schemaLocation="http://www.loc.gov/MARC21/slim http://www.loc.gov/standards/marcxml/schema/MARC21slim.xsd"
    xmlns="http://www.loc.gov/MARC21/slim">

  <leader>00910cam a2200277   4500</leader>
  <controlfield tag="001">1776824</controlfield>
  <controlfield tag="003">BD-DhUL</controlfield>
  <controlfield tag="005">20170521162259.0</controlfield>
  <controlfield tag="008">731004s1971    aa            00000 eng d</controlfield>
  <datafield tag="010" ind1=" " ind2=" ">
    <subfield code="a">73170773</subfield>
  </datafield>
  <datafield tag="035" ind1=" " ind2=" ">
    <subfield code="a">1776824</subfield>
  </datafield>
  <datafield tag="040" ind1=" " ind2=" ">
    <subfield code="a">ANL</subfield>
    <subfield code="b">eng</subfield>
    <subfield code="d">ANL</subfield>
    <subfield code="c">BD-DhUL</subfield>
  </datafield>
  <datafield tag="041" ind1="1" ind2=" ">
    <subfield code="a">engalb</subfield>
  </datafield>
  <datafield tag="043" ind1=" " ind2=" ">
    <subfield code="a">e-aa---</subfield>
  </datafield>
  <datafield tag="050" ind1="0" ind2="0">
    <subfield code="a">JN9689.A8</subfield>
    <subfield code="b">P37513</subfield>
  </datafield>
  <datafield tag="082" ind1="0" ind2=" ">
    <subfield code="a">324.2496507</subfield>
    <subfield code="2"> </subfield>
    <subfield code="b">HIS</subfield>
  </datafield>
  <datafield tag="110" ind1="2" ind2=" ">
    <subfield code="a">Instituti i Studimeve Marksiste-Leniniste.</subfield>
  </datafield>
  <datafield tag="240" ind1="1" ind2="0">
    <subfield code="a">Historia e Partise se Punes te Shqiperise.</subfield>
    <subfield code="l">English</subfield>
  </datafield>
  <datafield tag="245" ind1="1" ind2="0">
    <subfield code="a">History of the Party of Labor of Albania :</subfield>
    <subfield code="b">part. 2, 1966-1980 /</subfield>
  </datafield>
  <datafield tag="260" ind1=" " ind2=" ">
    <subfield code="a">Tirana :</subfield>
    <subfield code="b">Naim Frasheri Pub. House,</subfield>
    <subfield code="c">1971.</subfield>
  </datafield>
  <datafield tag="300" ind1=" " ind2=" ">
    <subfield code="a">327 p. ;</subfield>
    <subfield code="c">19 cm.</subfield>
  </datafield>
  <datafield tag="500" ind1=" " ind2=" ">
    <subfield code="a">"Prepared by the Institute of Marxist-Leninist Studies."</subfield>
  </datafield>
  <datafield tag="500" ind1=" " ind2=" ">
    <subfield code="a">Translation of Historia e Partise se Punes te Shqiperise.</subfield>
  </datafield>
  <datafield tag="610" ind1="2" ind2="0">
    <subfield code="a">Partia e Punes se Shqiperise</subfield>
    <subfield code="x">History.</subfield>
  </datafield>
  <datafield tag="942" ind1=" " ind2=" ">
    <subfield code="2">ddc</subfield>
    <subfield code="c">BK</subfield>
  </datafield>
  <datafield tag="999" ind1=" " ind2=" ">
    <subfield code="c">201413</subfield>
    <subfield code="d">201413</subfield>
  </datafield>
  <datafield tag="952" ind1=" " ind2=" ">
    <subfield code="0">0</subfield>
    <subfield code="1">0</subfield>
    <subfield code="2">ddc</subfield>
    <subfield code="4">0</subfield>
    <subfield code="6">324_249650700000000_HIS</subfield>
    <subfield code="7">1</subfield>
    <subfield code="8">NFIC</subfield>
    <subfield code="9">339315</subfield>
    <subfield code="a">DUL</subfield>
    <subfield code="b">DUL</subfield>
    <subfield code="c">AAC</subfield>
    <subfield code="d">2017-05-21</subfield>
    <subfield code="e">Gift</subfield>
    <subfield code="o">324.2496507 HIS</subfield>
    <subfield code="p">437490</subfield>
    <subfield code="r">2017-05-21</subfield>
    <subfield code="w">2017-05-21</subfield>
    <subfield code="y">BK</subfield>
  </datafield>
</record>
